Modern labor economics (Registro nro. 3304)
[ vista simple ]
| 000 -LEADER | |
|---|---|
| fixed length control field | 01493 a2200253 4500 |
| 001 - CONTROL NUMBER | |
| control field | 40774 |
| 005 - DATE AND TIME OF LATEST TRANSACTION | |
| control field | 20260407155703.0 |
| 008 - FIXED-LENGTH DATA ELEMENTS--GENERAL INFORMATION | |
| fixed length control field | 260407a2012 arg spa d |
| 003 - CONTROL NUMBER IDENTIFIER | |
| control field | AR-UNSa-BCEJYS |
| 040 ## - CATALOGING SOURCE | |
| Original cataloging agency | AR-UNSa-BCEJYS |
| Language of cataloging | spa |
| Transcribing agency | AR-UNSa-BCEJYS |
| 080 ## - UNIVERSAL DECIMAL CLASSIFICATION NUMBER | |
| Universal Decimal Classification number | 331.101.26 |
| Common auxiliary subdivision | Economía del trabajo |
| 020 ## - INTERNATIONAL STANDARD BOOK NUMBER | |
| International Standard Book Number | 978-0-13-254064-3 |
| 041 ## - LANGUAGE CODE | |
| Language code of text/sound track or separate title | spa |
| 100 1# - MAIN ENTRY--PERSONAL NAME | |
| Personal name | Ehrenberg, Ronald G. |
| 245 10 - TITLE STATEMENT | |
| Title | Modern labor economics |
| Name of part/section of a work | theory and public policy |
| 250 ## - EDITION STATEMENT | |
| Edition statement | 11a. ed |
| 264 #1 - PRODUCTION, PUBLICATION, DISTRIBUTION, MANUFACTURE, AND COPYRIGHT NOTICE | |
| Place of production, publication, distribution, manufacture | Boston : |
| Name of producer, publisher, distributor, manufacturer | Prentice Hall |
| Date of production, publication, distribution, manufacture, or copyright notice | 2012 |
| 300 ## - PHYSICAL DESCRIPTION | |
| Extent | xxi, 650 p. |
| Dimensions | 24 cm. |
| 505 ## - FORMATTED CONTENTS NOTE | |
| Formatted contents note | 1. Introduction - 2. Overview of the labor market - 3. The demand for labor - 4. Labor demand elasticities - 5. Frictions in the labor market - 6. Supply of labor to the economy : the decision to work - 7. Labor supply : household production, the family, and the life cycle - 8. Compensating wage differentials and labor markets - 9. Investments in human capital : education and training - 10. Worker mobility : migration, immigration, and turnover - 11. Pay and productivity : wage determination within the firm - 12. Gender, race, and ethnicity in the labor market - 13. Unions and the labor market - 14. Unemployment - 15. Inequality in earnings - 16. The labor-market effects of international trade and production sharing |
| 590 ## - LOCAL NOTE (RLIN) | |
| Local note | niveau_biblio:m niveau_hierar:0 |
| 700 1# - ADDED ENTRY--PERSONAL NAME | |
| Personal name | Smith, Robert S. |
| 856 41 - ELECTRONIC LOCATION AND ACCESS | |
| Uniform Resource Identifier | <a href="https://biblioeco.unsa.edu.ar/pmb/images/libros/L126236.jpg">https://biblioeco.unsa.edu.ar/pmb/images/libros/L126236.jpg</a> |
| Link text | Imagen de portada |
| Electronic format type | image/jpeg |
| 942 ## - ADDED ENTRY ELEMENTS (KOHA) | |
| Koha item type | |
| Withdrawn status | Lost status | Damaged status | Not for loan | Home library | Current library | Shelving location | Date acquired | Total checkouts | Full call number | Barcode | Date last seen | Price effective from | Koha item type |
|---|---|---|---|---|---|---|---|---|---|---|---|---|---|
| Biblioteca Prof. Eusebio Cleto del Rey | Biblioteca Prof. Eusebio Cleto del Rey | 07/04/2026 | 331.101.26 E33 11ed. | L126236 | 07/04/2026 | 07/04/2026 | Libro |